| 000 | 00399pam a2200157a 44500 | ||
|---|---|---|---|
| 008 | 230515b1992 xxu||||| |||| 00| 0 eng d | ||
| 020 | _a0721628095 | ||
| 041 | _aENGLISH | ||
| 082 | _a617.522059 | ||
| 100 | _aREDDI & HABAL | ||
| 245 | _aBONE GRAFTS & BONE SUBSTITUTES | ||
| 250 | _a1ST | ||
| 260 |
_aLONDON _bSAUNDERS AN IMPRINT OF ELSEVIER _c1992 |
||
| 300 | _a461 | ||
| 650 | _aORAL SURGERY | ||
| 999 |
_c431707 _d431707 |
||